书目信息 |
| 题名: |
ARM Cortex-M0微控制器原理与实践
|
|
| 作者: | 温子祺 编著 | |
| 分册: | ||
| 出版信息: | 北京 北京航空航天大学出版社 2013 |
|
| 页数: | 10,533页 | |
| 开本: | 24cm | |
| 丛书名: | ||
| 单 册: | ||
| 中图分类: | TP332.3 | |
| 科图分类: | ||
| 主题词: | 微控制器 | |
| 电子资源: | ||
| ISBN: | 978-7-5124-1037-4 | |
| 000 | 00945nam0 2200265 450 | |
| 001 | 012015000052 | |
| 005 | 20150914102422.71 | |
| 010 | @a978-7-5124-1037-4@dCNY79.00 | |
| 100 | @a20140429d2013 em y0chiy50 ea | |
| 101 | 0 | @achi |
| 102 | @aCN@b110000 | |
| 105 | @aa z 000yy | |
| 106 | @ar | |
| 200 | 1 | @aARM Cortex-M0微控制器原理与实践@AARM Cortex-M0 wei kong zhi qi yuan li yu shi jian@f温子祺[等]编著 |
| 210 | @a北京@c北京航空航天大学出版社@d2013 | |
| 215 | @a10,533页@c图@d24cm@e1光盘 | |
| 304 | @a编著者还有:刘志峰、冼安胜、林秩谦、潘海燕 | |
| 307 | @a附光盘:ISBN 978-7-89463-319-4 | |
| 330 | @a本书以新唐公司ARM Cortex-M0内核的NuMicro M051系列微控制器为蓝本,介绍基于该微控制器的原理与结构、开发环境与工具、各种接口与功能单元应用的软件编写方法。 | |
| 606 | 0 | @a微控制器 |
| 610 | 0 | @aARM |
| 690 | @aTP332.3@v5 | |
| 701 | 0 | @a温子祺@Awen zi qi@4编著 |
| 801 | 0 | @aCN@b碧洲教育@c20150716 |
| 905 | @a10447@f4@dTP332.3@e133 | |
| ARM Cortex-M0微控制器原理与实践/温子祺[等]编著.-北京:北京航空航天大学出版社,2013 |
| 10,533页:图;24cm+1光盘 |
| ISBN 978-7-5124-1037-4:CNY79.00 |
| 本书以新唐公司ARM Cortex-M0内核的NuMicro M051系列微控制器为蓝本,介绍基于该微控制器的原理与结构、开发环境与工具、各种接口与功能单元应用的软件编写方法。 |
| ● |
| 相关链接 |
|
|
|
|
正题名:ARM Cortex-M0微控制器原理与实践
索取号:TP332.3/133
 
预约/预借
| 序号 | 登录号 | 条形码 | 馆藏地/架位号 | 状态 | 备注 |
| 1 | 0870793 | 208707933 | 第二样本阅览室/ [索取号:TP332.3/133] | 在馆 | |
| 2 | 0870794 | 208707942 | 第三借阅区/ [索取号:TP332.3/133] | 在馆 | |
| 3 | 0870795 | 208707951 | 密集书库—计算机科学学院/ [索取号:TP332.3/133] | 在馆 | |
| 4 | 0870796 | 208707960 | 第三借阅区/ [索取号:TP332.3/133] | 在馆 |